[Event "Potiguar-ch"]
[Site "Natal"]
[Date "2013.09.28"]
[Round "2.7"]
[White "Da Costa, Jose Artanael Campo"]
[Black "Araujo, Vitor Angelo Lima"]
[Result "1-0"]
[WhiteElo "2030"]
[BlackElo "1771"]
[PlyCount "43"]
[EventDate "2013.09.27"]
[EventType "swiss"]
[EventRounds "9"]
[EventCountry "BRA"]
[SourceTitle "EXT 2015"]
[Source "ChessBase"]
[SourceDate "2014.11.20"]
[SourceVersion "1"]
[SourceVersionDate "2014.11.20"]
[SourceQuality "1"]

1. e4 c5 2. Ne2 d6 3. Nbc3 Nc6 4. d4 cxd4 5. Nxd4 Nf6 6. Bg5 e5 7. Bxf6 gxf6 8. Ndb5 a6 9. Na3 b5 10. Nd5 Be6 11. c3 Rc8 12. Nc2 Be7 13. a4 Rb8 14. axb5 axb5 15. Nce3 b4 16. Ra6 Bd7 17. Nf5 Bxf5 18. exf5 bxc3 19. bxc3 Qd7 20. Bd3 0-0 21. Rxc6 Rfc8 22. Rxc8+ 1-0

[Event "Natal Potiguar op"]
[Site "Natal"]
[Date "2011.10.07"]
[Round "6"]
[White "Rocha, Vitor Firmo de Souz"]
[Black "Da Costa, Jose Artanael Campo"]
[Result "0-1"]
[WhiteElo "1876"]
[BlackElo "2035"]
[PlyCount "91"]
[EventDate "2011.10.01"]
[EventType "swiss"]
[EventRounds "9"]
[EventCountry "BRA"]
[SourceTitle "EXT 2012"]
[Source "ChessBase"]
[SourceDate "2011.11.24"]
[SourceVersion "1"]
[SourceVersionDate "2011.11.24"]
[SourceQuality "1"]

1. f4 f5 2. e4 fxe4 3. d3 d5 4. Nc3 Nf6 5. dxe4 dxe4 6. Qxd8+ Kxd8 7. h3 h5 8. g3 b6 9. Bg2 Bb7 10. Be3 e6 11. 0-0-0+ Bd6 12. Nge2 Ke7 13. Rhe1 Nbd7 14. Bg1 Rhg8 15. h4 a6 16. Nd4 Bb4 17. f5 exf5 18. Nxf5+ Kf7 19. Bd4 Rge8 20. a3 g6 21. axb4 gxf5 22. Rf1 Kg6 23. Ne2 Ne5 24. Nf4+ Kh6 25. Nh3 Bc8 26. Ng5 Nfg4 27. Bxe5 Nxe5 28. Rd5 Kg6 29. Bh3 Ng4 30. Bxg4 hxg4 31. Rfd1 e3 32. Rd8 Bb7 33. R8d7 e2 34. Re1 Bf3 35. Rd3 Rad8 36. Kd2 Rxd3+ 37. cxd3 c6 38. Rc1 Re7 39. Ke1 Re3 40. Kd2 Re5 41. d4 Re7 42. Ke1 b5 43. Kf2 Bd5 44. Re1 Bc4 45. b3 Bd3 46. h5+ 0-1

[Event "Natal Steinitz Memorial 2nd"]
[Site "Natal"]
[Date "2011.05.14"]
[Round "3"]
[White "Da Costa, Jose Artanael Campo"]
[Black "Pinto, Carlos Henrique Lop"]
[Result "1-0"]
[WhiteElo "2038"]
[BlackElo "2078"]
[PlyCount "90"]
[EventDate "2011.05.13"]
[EventType "swiss"]
[EventRounds "5"]
[EventCountry "BRA"]
[SourceTitle "EXT 2013"]
[Source "ChessBase"]
[SourceDate "2012.11.22"]
[SourceVersion "1"]
[SourceVersionDate "2012.11.22"]
[SourceQuality "1"]

1. e4 e6 2. d4 c5 3. Nf3 cxd4 4. Nxd4 Nc6 5. Nc3 a6 6. Bc4 Nge7 7. Bg5 Nxd4 8. Qxd4 Nc6 9. Qd2 Qa5 10. 0-0 Bb4 11. Bb3 Bxc3 12. bxc3 0-0 13. f4 Qc5+ 14. Kh1 Na5 15. f5 Nxb3 16. axb3 f6 17. Be3 Qc6 18. Rf4 d5 19. exd5 exd5 20. Rd1 Re8 21. c4 dxc4 22. Rxc4 Qb5 23. Rc5 Qd7 24. Qxd7 Bxd7 25. Rxd7 Rxe3 26. g3 Kh8 27. Rxb7 Re2 28. Rcc7 Rg8 29. c4 Rc2 30. Rc6 Re8 31. Re7 Rg8 32. Rxa6 h5 33. Rae6 Rb2 34. Re3 Kh7 35. Kg1 Ra8 36. Re2 Rxb3 37. R7e3 Rb1+ 38. Kf2 Raa1 39. Re1 Rc1 40. Rxc1 Rxc1 41. Re4 Kh6 42. Ke3 Kg5 43. Rf4 g6 44. h4+ Kh6 45. Kd4 Rd1+ 1-0

[Event "Natal op-A 8th"]
[Site "Natal"]
[Date "2011.03.04"]
[Round "1"]
[White "Macedo, Maximo Iack Miranda"]
[Black "Da Costa, Jose Artanael Campo"]
[Result "1-0"]
[WhiteElo "2310"]
[BlackElo "2045"]
[PlyCount "71"]
[EventDate "2011.03.04"]
[EventType "swiss"]
[EventRounds "7"]
[EventCountry "BRA"]
[SourceTitle "CBM 141 Extra"]
[Source "ChessBase"]
[SourceDate "2011.05.03"]
[SourceVersion "1"]
[SourceVersionDate "2011.05.03"]
[SourceQuality "1"]

1. d4 d5 2. Nf3 e6 3. Bf4 f5 4. e3 Nf6 5. Nbd2 c6 6. Bd3 Be7 7. h3 Nbd7 8. 0-0 Nf8 9. Ne5 Ng6 10. Nxg6 hxg6 11. Nf3 Bd6 12. Ne5 Bxe5 13. Bxe5 g5 14. f3 Bd7 15. c4 Qe7 16. c5 Qf7 17. Qb3 Bc8 18. Qc2 Rh6 19. b4 Kf8 20. a4 Kg8 21. b5 Nd7 22. Bd6 Nb8 23. Qf2 f4 24. Qd2 Rh4 25. Qa5 Qe8 26. exf4 gxf4 27. Bg6 Qd7 28. Bxb8 b6 29. cxb6 Rxb8 30. Qxa7 Qxa7 31. bxa7 Ra8 32. Rfb1 Rxa7 33. Ra2 Rc7 34. a5 Rh6 35. a6 Rxg6 36. a7 1-0

[Event "Natal Potiguar-ch op"]
[Site "Natal"]
[Date "2010.09.19"]
[Round "4"]
[White "Da Costa, Jose Artanael Campo"]
[Black "Andrade, Roberto Luiz Costa"]
[Result "1/2-1/2"]
[WhiteElo "2021"]
[BlackElo "2233"]
[PlyCount "142"]
[EventDate "2010.09.17"]
[EventType "swiss"]
[EventRounds "9"]
[EventCountry "BRA"]
[SourceTitle "EXT 2014"]
[Source "ChessBase"]
[SourceDate "2013.11.20"]
[SourceVersion "1"]
[SourceVersionDate "2013.11.20"]
[SourceQuality "1"]

1. e4 c5 2. Nf3 Nc6 3. d4 cxd4 4. Nxd4 Nf6 5. Nc3 e5 6. Ndb5 d6 7. Bg5 a6 8. Na3 b5 9. Nd5 Be7 10. Bxf6 Bxf6 11. c3 0-0 12. Nc2 Bg5 13. Nce3 Bxe3 14. Nxe3 Be6 15. Bd3 Ne7 16. a4 bxa4 17. Rxa4 a5 18. Bc4 Qb6 19. Ra2 Qc6 20. Bd5 Bxd5 21. Nxd5 Nxd5 22. Qxd5 Qa6 23. Kd2 Rab8 24. Rd1 Rb5 25. Qd3 Qb6 26. Kc1 g6 27. g4 Rc8 28. Rd2 Rd8 29. Qe2 Rc5 30. Ra3 Rb8 31. g5 Rd8 32. Qe3 Qb8 33. h4 Rb5 34. Ra4 Qc7 35. Qe2 Rc5 36. f3 Qc6 37. Ra3 d5 38. exd5 Rdxd5 39. Rxd5 Qxd5 40. Qd1 Qa8 41. Ra4 Rd5 42. Qe2 Qc6 43. Re4 Qd6 44. Kc2 Kg7 45. Re3 Qe6 46. Kc1 Qf5 47. Qc4 Qd7 48. Qe2 Qd6 49. Kc2 a4 50. Rd3 Qa6 51. Qe4 Rb5 52. Rd5 Rxd5 53. Qxd5 Qe2+ 54. Kb1 Qh2 55. Ka2 Qxh4 56. Qxe5+ Kg8 57. f4 Qh1 58. Qe8+ Kg7 59. Qxa4 Qd5+ 60. Ka3 Qd6+ 61. Kb3 Qd5+ 62. Qc4 Qb7+ 63. Qb4 Qd5+ 64. Kc2 Qg2+ 65. Kb1 Qh1+ 66. Ka2 Qd5+ 67. b3 Qa8+ 68. Qa3 Qg2+ 69. Qb2 Qa8+ 70. Kb1 Qe4+ 71. Ka2 Qa8+ 1/2-1/2

[Event "Natal Potiguar-ch op"]
[Site "Natal"]
[Date "2010.09.19"]
[Round "5"]
[White "Da Costa, Jose Artanael Campo"]
[Black "Silveira Filho, Neri da Silva"]
[Result "0-1"]
[WhiteElo "2021"]
[BlackElo "2233"]
[PlyCount "98"]
[EventDate "2010.09.17"]
[EventType "swiss"]
[EventRounds "9"]
[EventCountry "BRA"]
[SourceTitle "EXT 2014"]
[Source "ChessBase"]
[SourceDate "2013.11.20"]
[SourceVersion "1"]
[SourceVersionDate "2013.11.20"]
[SourceQuality "1"]

1. e4 g6 2. d4 Bg7 3. Nc3 d6 4. Be2 Nc6 5. Be3 e5 6. dxe5 dxe5 7. Qxd8+ Nxd8 8. Nd5 Ne6 9. Bg4 c6 10. Bxe6 cxd5 11. Bxd5 Nf6 12. Bc5 Nxd5 13. exd5 Bf5 14. c3 Be4 15. Nf3 Bxd5 16. 0-0 Bxf3 17. gxf3 b6 18. Bd6 0-0-0 19. Rad1 Rhe8 20. Rd5 Kb7 21. Rfd1 f5 22. a4 e4 23. f4 e3 24. fxe3 Rxe3 25. Kf2 Re4 26. a5 Kc6 27. b4 Rxf4+ 28. Kg3 Rg4+ 29. Kf3 Kb7 30. a6+ Kxa6 31. b5+ Kb7 32. Bf4 Rxd5 33. Rxd5 Kc8 34. Rd6 g5 35. Rc6+ Kd8 36. Bc7+ Ke8 37. Bb8 Ra4 38. Rc8+ Kf7 39. Rc7+ Kg6 40. Rxa7 Rc4 41. Rd7 Rxc3+ 42. Kg2 Rc2+ 43. Kf1 f4 44. Rd6+ Kf5 45. Rxb6 Bd4 46. Rb7 f3 47. Rf7+ Ke4 48. Re7+ Kd3 49. Bg3 Rg2 0-1

[Event "Natal Potiguar-ch op"]
[Site "Natal"]
[Date "2010.09.18"]
[Round "3"]
[White "Carvalho, Felipe Lobo C"]
[Black "Da Costa, Jose Artanael Campo"]
[Result "0-1"]
[WhiteElo "2199"]
[BlackElo "2021"]
[PlyCount "32"]
[EventDate "2010.09.17"]
[EventType "swiss"]
[EventRounds "9"]
[EventCountry "BRA"]
[SourceTitle "EXT 2014"]
[Source "ChessBase"]
[SourceDate "2013.11.20"]
[SourceVersion "1"]
[SourceVersionDate "2013.11.20"]
[SourceQuality "1"]

1. e4 e5 2. Nf3 Nc6 3. Bb5 a6 4. Ba4 Nf6 5. 0-0 Bc5 6. Nxe5 0-0 7. Nxc6 dxc6 8. Nc3 a5 9. a3 Qd4 10. d3 Ng4 11. Qe1 Qe5 12. g3 Qh5 13. h4 Ne5 14. Kg2 Qf3+ 15. Kh2 Ng4+ 16. Kg1 Qxg3+ 0-1

[Event "Natal op-B 7th"]
[Site "Natal"]
[Date "2010.??.??"]
[Round "3"]
[White "Da Costa, Jose Artanael Campo"]
[Black "Macedo, Alexandre Soares"]
[Result "1/2-1/2"]
[WhiteElo "2042"]
[BlackElo "1995"]
[PlyCount "85"]
[EventDate "2010.02.12"]
[EventType "swiss"]
[EventRounds "9"]
[EventCountry "BRA"]
[SourceTitle "EXT 2012"]
[Source "ChessBase"]
[SourceDate "2011.11.24"]
[SourceVersion "1"]
[SourceVersionDate "2011.11.24"]
[SourceQuality "1"]

1. e4 e5 2. Nf3 Nc6 3. Bc4 Be7 4. d4 d6 5. h3 Nf6 6. Nc3 0-0 7. d5 Nb8 8. 0-0 Nbd7 9. a4 h6 10. b4 Nh7 11. Bd3 Ng5 12. Be3 Nxf3+ 13. Qxf3 a6 14. Rad1 Nf6 15. Be2 Nh7 16. Kh2 f5 17. g3 Ng5 18. Bxg5 Bxg5 19. Qg2 f4 20. Rd3 Qe8 21. Rfd1 h5 22. g4 h4 23. Ra1 Bd7 24. f3 Qb8 25. Qg1 c6 26. Qd1 Be7 27. Bf1 Rc8 28. Rd2 Qa7 29. Kg2 Qb8 30. Rb1 Qc7 31. Be2 Be8 32. dxc6 bxc6 33. b5 axb5 34. axb5 Rab8 35. bxc6 Rxb1 36. Qxb1 Bxc6 37. Qb3+ Kf8 38. Nd5 Bxd5 39. Qxd5 Qc3 40. Bb5 Rc5 41. Qa8+ Rc8 42. Qd5 Rc5 43. Qa8+ 1/2-1/2

[Event "Natal op-B 7th"]
[Site "Natal"]
[Date "2010.??.??"]
[Round "1"]
[White "Da Costa, Jose Artanael Campo"]
[Black "Melo, Fernando Antonio Al"]
[Result "1-0"]
[WhiteElo "2042"]
[BlackElo "1847"]
[PlyCount "88"]
[EventDate "2010.02.12"]
[EventType "swiss"]
[EventRounds "9"]
[EventCountry "BRA"]
[SourceTitle "EXT 2012"]
[Source "ChessBase"]
[SourceDate "2011.11.24"]
[SourceVersion "1"]
[SourceVersionDate "2011.11.24"]
[SourceQuality "1"]

1. e4 d6 2. d4 Nf6 3. Nc3 g6 4. Be2 Bg7 5. Be3 0-0 6. Qd2 a6 7. Bh6 b5 8. a3 c5 9. b4 cxd4 10. Bxg7 Kxg7 11. Qxd4 Nc6 12. Qd2 Bb7 13. f4 Qb6 14. Rd1 Rad8 15. Bf3 e5 16. Nge2 exf4 17. Qxf4 Ne5 18. Nd4 Rc8 19. Qe3 Qc7 20. Nce2 Nc4 21. Nf5+ Kh8 22. Qd4 Qd8 23. Nxd6 Qxd6 24. Qxd6 Nxd6 25. Rxd6 Nxe4 26. Rb6 Ba8 27. Rxa6 Ng5 28. Bxa8 Rxa8 29. Rxa8 Rxa8 30. Kd2 Rxa3 31. Nc3 Kg7 32. Re1 f5 33. Nxb5 Ra8 34. Kd3 Rd8+ 35. Nd4 Kf6 36. b5 Ne4 37. Kc4 Nd6+ 38. Kb4 Ne4 39. c3 Nf2 40. Re6+ Kf7 41. Re3 Ng4 42. Rh3 h6 43. b6 Nf6 44. Nc6 Rd6 1-0

[Event "Potiguar-ch sf"]
[Site "Natal"]
[Date "2009.08.30"]
[Round "7.2"]
[White "Da Costa, Jose Artanael Campo"]
[Black "Carvalho, Felipe Lobo C"]
[Result "0-1"]
[WhiteElo "2051"]
[BlackElo "2141"]
[PlyCount "100"]
[EventDate "2009.08.26"]
[EventType "swiss"]
[EventRounds "7"]
[EventCountry "BRA"]
[SourceTitle "EXT 2022"]
[Source "ChessBase"]
[SourceDate "2021.10.06"]
[SourceVersion "1"]
[SourceVersionDate "2021.10.06"]
[SourceQuality "1"]

1. e4 c5 2. Nf3 d6 3. Bc4 e6 4. Nc3 Nf6 5. e5 dxe5 6. Bb5+ Bd7 7. Qe2 a6 8. Bxd7+ Nbxd7 9. Nxe5 Nxe5 10. Qxe5 Bd6 11. Qe2 Qc7 12. d3 h6 13. a3 0-0 14. Be3 b5 15. Ne4 Nxe4 16. dxe4 Be5 17. Rb1 f5 18. c4 Rab8 19. Qc2 f4 20. Bd2 f3 21. g3 Bd4 22. cxb5 axb5 23. Bc3 e5 24. Rd1 Qe7 25. h3 h5 26. Rc1 Rf6 27. Bd2 Qe6 28. Bg5 Rf7 29. Bd2 c4 30. Bc3 Rd7 31. Bb4 Rbd8 32. Ba5 Ra8 33. Bb4 Rad8 34. Ba5 Rf8 35. Bd2 Rc8 36. Bb4 Bb6 37. Rd1 Rcd8 38. Rc1 Rd3 39. Kf1 Qh6 40. Be1 h4 41. Rg1 Rd2 42. Qb1 hxg3 43. Rxg3 R8d3 44. Kg1 Rxf2 45. Bxf2 Bxf2+ 46. Kxf2 Qd2+ 47. Kg1 f2+ 48. Kg2 f1Q+ 49. Kxf1 Rxg3 50. Qc2 Qe3 0-1

[Event "Potiguar-ch sf"]
[Site "Natal"]
[Date "2009.08.29"]
[Round "4.1"]
[White "Braga, Jose Pereira"]
[Black "Da Costa, Jose Artanael Campo"]
[Result "1/2-1/2"]
[WhiteElo "2008"]
[BlackElo "2051"]
[PlyCount "146"]
[EventDate "2009.08.26"]
[EventType "swiss"]
[EventRounds "7"]
[EventCountry "BRA"]
[SourceTitle "EXT 2022"]
[Source "ChessBase"]
[SourceDate "2021.10.06"]
[SourceVersion "1"]
[SourceVersionDate "2021.10.06"]
[SourceQuality "1"]

1. d4 d5 2. c4 e6 3. Nf3 Nf6 4. Nc3 c5 5. Bg5 cxd4 6. Nxd4 Be7 7. cxd5 Nxd5 8. Bxe7 Qxe7 9. Nxd5 exd5 10. e3 0-0 11. Be2 Nc6 12. 0-0 Qe5 13. Bf3 Nxd4 14. Qxd4 Qxd4 15. exd4 Be6 16. Rfc1 Rfc8 17. Kf1 Kf8 18. Ke2 Ke7 19. Ke3 h6 20. Be2 a6 21. Bd3 Bd7 22. Rc5 Kd6 23. Rac1 Re8+ 24. Kd2 Rac8 25. a3 b6 26. R5c3 Rxc3 27. Rxc3 a5 28. Rb3 Kc7 29. Rc3+ Kd6 30. Bc2 Bb5 31. Rf3 f6 32. Re3 Re7 33. Rxe7 Kxe7 34. Ke3 Bf1 35. g3 Bh3 36. Bd1 Bf5 37. h4 g5 38. hxg5 hxg5 39. Bb3 Ke6 40. Ba4 Bg6 41. Bb5 Bc2 42. f4 gxf4+ 43. Kxf4 Bg6 44. Be2 Bc2 45. Bf3 Bg6 46. Bg4+ Ke7 47. b4 axb4 48. axb4 Bd3 49. Ke3 Bb5 50. Bf5 Kd6 51. Kf4 Ke7 52. Kg4 Be2+ 53. Kh4 Bd1 54. Kh3 Be2 55. Kg2 Kd6 56. Kf2 Bc4 57. Ke3 Bf1 58. Kd2 Bb5 59. Kc3 Be8 60. Bd3 Bd7 61. Be2 Be8 62. Kd2 Bd7 63. Ke3 Ke7 64. Kf4 Be6 65. Bg4 Bg8 66. Bf5 Bf7 67. Kg4 Kd6 68. Bh7 Ke7 69. Kf5 Be8 70. Bg8 Bd7+ 71. Kg6 Bc6 72. Kf5 Bd7+ 73. Kf4 Kd6 1/2-1/2

[Event "Potiguar-ch sf"]
[Site "Natal"]
[Date "2009.08.26"]
[Round "1.5"]
[White "Da Costa, Jose Artanael Campo"]
[Black "Ferreira, Francisco Caninde"]
[Result "1-0"]
[WhiteElo "2051"]
[BlackElo "1781"]
[PlyCount "65"]
[EventDate "2009.08.26"]
[EventType "swiss"]
[EventRounds "7"]
[EventCountry "BRA"]
[SourceTitle "EXT 2022"]
[Source "ChessBase"]
[SourceDate "2021.10.06"]
[SourceVersion "1"]
[SourceVersionDate "2021.10.06"]
[SourceQuality "1"]

1. e4 c5 2. Nf3 d6 3. Bc4 e6 4. Nc3 a6 5. a4 Nc6 6. 0-0 Be7 7. d4 cxd4 8. Nxd4 Nf6 9. h3 Qb6 10. Nf3 0-0 11. b3 Qc7 12. Be3 Na5 13. Nd2 Nxc4 14. Nxc4 Nd7 15. Qg4 Ne5 16. Nxe5 Qxc3 17. Nc4 Qxc2 18. Rab1 Qc3 19. Rfd1 Qb4 20. Bh6 Bf6 21. Rxd6 Kh8 22. Bd2 Qc5 23. Be3 Qb4 24. Rb6 Qe7 25. e5 Bh4 26. g3 Bf6 27. exf6 gxf6 28. Qh5 Rg8 29. Bc5 Qc7 30. Bd6 Qd7 31. Rd1 Rg5 32. Qh6 Kg8 33. Qf8# 1-0

[Event "Natal Potiguar op 4th"]
[Site "Natal"]
[Date "2009.07.11"]
[Round "3"]
[White "Da Costa, Jose Artanael Campo"]
[Black "Silveira Filho, Neri da Silva"]
[Result "0-1"]
[WhiteElo "2051"]
[BlackElo "2273"]
[PlyCount "88"]
[EventDate "2009.07.10"]
[EventType "swiss"]
[EventRounds "6"]
[EventCountry "BRA"]
[SourceTitle "EXT 2012"]
[Source "ChessBase"]
[SourceDate "2011.11.24"]
[SourceVersion "1"]
[SourceVersionDate "2011.11.24"]
[SourceQuality "1"]

1. e4 g6 2. d4 Bg7 3. Nc3 d6 4. Nf3 Nf6 5. Bd3 Nc6 6. h3 0-0 7. 0-0 e5 8. d5 Ne7 9. Ne2 c5 10. c4 Ne8 11. Nh2 f5 12. exf5 gxf5 13. Ng3 e4 14. Be2 Be5 15. Rb1 Ng6 16. Bh6 Bg7 17. Qd2 f4 18. Bxg7 fxg3 19. Bc3 gxh2+ 20. Kxh2 Qh4 21. f3 Qf4+ 22. g3 Qxd2 23. Bxd2 exf3 24. Bxf3 Bf5 25. Rbc1 Bd3 26. Bh6 Bxf1 27. Bxf8 Kxf8 28. Rxf1 Nf6 29. g4 Kg7 30. Kg3 Re8 31. Kh2 Ne5 32. Be2 h6 33. b3 Ng6 34. Bd3 Re3 35. Rd1 Nf4 36. Bf1 Ne4 37. h4 Nf2 38. Rb1 Nxg4+ 39. Kh1 Nf2+ 40. Kh2 Ne4 41. Rd1 Kf6 42. b4 cxb4 43. c5 Nxc5 44. Rd4 Ncd3 0-1

[Event "Natal op"]
[Site "Natal"]
[Date "2009.05.03"]
[Round "5.5"]
[White "Da Costa, Jose Artanael Campo"]
[Black "Rodrigues da Silva, Evandro"]
[Result "0-1"]
[WhiteElo "2051"]
[BlackElo "2206"]
[PlyCount "127"]
[EventDate "2009.05.01"]
[EventType "swiss"]
[EventRounds "6"]
[EventCountry "BRA"]
[SourceTitle "EXT 2022"]
[Source "ChessBase"]
[SourceDate "2021.10.06"]
[SourceVersion "1"]
[SourceVersionDate "2021.10.06"]
[SourceQuality "1"]

1. e4 c6 2. d4 d5 3. exd5 cxd5 4. Bd3 Nc6 5. c3 Nf6 6. Bf4 e6 7. Nf3 Bd6 8. Ne5 Qc7 9. Qe2 0-0 10. Nd2 Ne7 11. Ndf3 b6 12. h4 Bb7 13. Nd2 Rfe8 14. Rh3 Ng6 15. Bh2 Re7 16. h5 Nf8 17. g4 N6d7 18. g5 f5 19. gxf6 Nxf6 20. 0-0-0 N6d7 21. Ndf3 Nxe5 22. Nxe5 Nd7 23. Qc2 Nxe5 24. Bxh7+ Kf8 25. dxe5 Bxe5 26. Rf3+ Ke8 27. Bxe5 Qxe5 28. Qa4+ Kd8 29. Qh4 Kd7 30. Bc2 Qd6 31. c4 Kc7 32. Rc3 Kb8 33. Qg4 a6 34. f4 Ka7 35. f5 exf5 36. Qxf5 Qh6+ 37. Kb1 dxc4 38. Rxc4 Rae8 39. Qf2 Re2 40. Qh4 Qe3 41. Rc3 Qe5 42. a4 a5 43. h6 Rh8 44. Qc4 gxh6 45. Rcd3 Rc8 46. Qb5 Qxb5 47. axb5 Rcxc2 48. Rd7 Rxb2+ 49. Ka1 Ra2+ 50. Kb1 Rab2+ 51. Ka1 Rxb5 52. R1d6 Rh5 53. Kb1 Rh4 54. Rd1 Ka6 55. Rc7 Rb4+ 56. Ka1 Rbb2 57. Rxb7 Kxb7 58. Rd7+ Ka6 59. Ra7+ Kb5 60. Rxa5+ Kc4 61. Rc5+ Kd3 62. Rd5+ Ke3 63. Re5+ Kf2 64. Rxe2+ 0-1

[Event "Natal op"]
[Site "Natal"]
[Date "2009.05.01"]
[Round "4.9"]
[White "Alves de Medeiros, Jovany"]
[Black "Da Costa, Jose Artanael Campo"]
[Result "0-1"]
[WhiteElo "2047"]
[BlackElo "2051"]
[PlyCount "70"]
[EventDate "2009.05.01"]
[EventType "swiss"]
[EventRounds "6"]
[EventCountry "BRA"]
[SourceTitle "EXT 2022"]
[Source "ChessBase"]
[SourceDate "2021.10.06"]
[SourceVersion "1"]
[SourceVersionDate "2021.10.06"]
[SourceQuality "1"]

1. e4 e5 2. Nf3 Nc6 3. Bb5 d6 4. d4 exd4 5. Nxd4 Bd7 6. Bxc6 bxc6 7. Nc3 g6 8. Be3 Bg7 9. Qd2 Rb8 10. 0-0-0 c5 11. Nde2 Be6 12. f4 Ne7 13. e5 Nf5 14. g4 Nxe3 15. Qxe3 0-0 16. Rhg1 Qc8 17. Nd5 Qb7 18. Ne7+ Kh8 19. b3 Rfe8 20. f5 Bxb3 21. cxb3 Bxe5 22. Qg5 Qe4 23. Rge1 Rxe7 24. fxg6 fxg6 25. h4 Rf7 26. h5 Rf2 27. Rd2 Bf6 28. Qh6 Qe5 29. hxg6 Qa1+ 30. Kc2 Qxa2+ 31. Kc1 Qa1+ 32. Kc2 Qb2+ 33. Kd1 Qxb3+ 34. Rc2 Qd3+ 35. Kc1 Qxg6 0-1

[Event "Natal Magistral 6th B"]
[Site "Natal"]
[Date "2009.02.24"]
[Round "8.1"]
[White "Da Costa, Jose Artanael Campo"]
[Black "Leal Assuncao, Matheus"]
[Result "1/2-1/2"]
[WhiteElo "1997"]
[BlackElo "1852"]
[PlyCount "46"]
[EventDate "2009.02.20"]
[EventType "swiss"]
[EventRounds "8"]
[EventCountry "BRA"]
[SourceTitle "EXT 2022"]
[Source "ChessBase"]
[SourceDate "2021.10.06"]
[SourceVersion "1"]
[SourceVersionDate "2021.10.06"]
[SourceQuality "1"]

1. e4 c5 2. Nf3 Nc6 3. c3 d5 4. exd5 Qxd5 5. d4 cxd4 6. cxd4 Nf6 7. Nc3 Qd8 8. d5 Nb8 9. Bf4 a6 10. Qb3 Nbd7 11. Qa4 Nh5 12. Be5 f6 13. Bd4 g6 14. Ng5 fxg5 15. Bxh8 Nhf6 16. h4 g4 17. Bd3 Qb6 18. 0-0-0 Bh6+ 19. Kb1 Kf8 20. Bxf6 Qxf6 21. Ne4 Qe5 22. Ng5 Bxg5 23. hxg5 Nc5 1/2-1/2

[Event "Natal Magistral 6th B"]
[Site "Natal"]
[Date "2009.02.22"]
[Round "5.1"]
[White "De Moura, Sergio Jovelino"]
[Black "Da Costa, Jose Artanael Campo"]
[Result "0-1"]
[WhiteElo "2148"]
[BlackElo "1997"]
[PlyCount "106"]
[EventDate "2009.02.20"]
[EventType "swiss"]
[EventRounds "8"]
[EventCountry "BRA"]
[SourceTitle "EXT 2022"]
[Source "ChessBase"]
[SourceDate "2021.10.06"]
[SourceVersion "1"]
[SourceVersionDate "2021.10.06"]
[SourceQuality "1"]

1. e4 e5 2. Nf3 Nc6 3. Bc4 Nf6 4. d3 Be7 5. Nc3 h6 6. h3 d6 7. a4 a6 8. Be3 Bd7 9. Qe2 0-0 10. 0-0 Qc8 11. d4 exd4 12. Nxd4 Ne5 13. Bb3 c5 14. Nf3 Ng6 15. Nd2 Bd8 16. Nc4 Bc7 17. a5 Re8 18. Qd3 Bb5 19. Nxd6 Bxd3 20. Bxf7+ Kf8 21. Nxc8 Kxf7 22. cxd3 Raxc8 23. Bxc5 Bh2+ 24. Kxh2 Rxc5 25. f4 Kg8 26. g3 Ne7 27. Rad1 Rxa5 28. d4 b5 29. d5 b4 30. d6 bxc3 31. e5 Ned5 32. exf6 gxf6 33. bxc3 Nxc3 34. d7 Rd8 35. Rc1 Rc5 36. Rf3 Ne4 37. Rxc5 Nxc5 38. Re3 Nxd7 39. Rd3 Kf7 40. Rd6 a5 41. Rd5 a4 42. Rd4 a3 43. Ra4 Nc5 44. Rxa3 Rd2+ 45. Kg1 Rd3 46. Ra7+ Kg6 47. Kh2 Rd2+ 48. Kg1 Ne4 49. g4 Nf2 50. f5+ Kg5 51. Rg7+ Kh4 52. Rg6 Kg3 53. Kf1 Kf3 0-1

[Event "Potiguar-ch"]
[Site "Natal"]
[Date "2008.09.07"]
[Round "9.5"]
[White "Barreto Filho, Carlos Alberto"]
[Black "Da Costa, Jose Artanael Campo"]
[Result "1-0"]
[WhiteElo "2252"]
[BlackElo "1997"]
[PlyCount "121"]
[EventDate "2008.08.29"]
[EventType "tourn"]
[EventRounds "10"]
[EventCountry "BRA"]
[SourceTitle "EXT 2022"]
[Source "ChessBase"]
[SourceDate "2021.10.06"]
[SourceVersion "1"]
[SourceVersionDate "2021.10.06"]
[SourceQuality "1"]

1. e4 e5 2. Nf3 Nc6 3. Bb5 Bc5 4. 0-0 d6 5. d4 exd4 6. Nxd4 Bd7 7. Bxc6 bxc6 8. Nc3 Qf6 9. Nb3 Bb6 10. a4 a5 11. Kh1 Nh6 12. f3 0-0 13. Qe1 Rae8 14. Be3 c5 15. Rd1 c6 16. Bxc5 dxc5 17. Rxd7 Qe6 18. Rb7 Rb8 19. Rxb8 Rxb8 20. Qe2 f6 21. Nd2 Nf7 22. Nc4 Bc7 23. b3 Kf8 24. Qe3 Qe7 25. g3 Ne5 26. Nxe5 Bxe5 27. Ne2 Rd8 28. f4 Bc7 29. Ng1 Rd4 30. Re1 Qe6 31. Nf3 Rd8 32. Qxc5+ Ke8 33. f5 Qd6 34. Qxd6 Bxd6 35. e5 Bb4 36. Re2 Ke7 37. Kg2 Bc3 38. g4 c5 39. h4 h6 40. Re3 Bd2 41. exf6+ Kxf6 42. Re6+ Kf7 43. Ne5+ Kg8 44. Nd3 Rc8 45. Re4 Kf7 46. Kf3 Kf6 47. Rc4 Bb4 48. Nxb4 axb4 49. c3 bxc3 50. Rxc3 Ke5 51. Ke3 h5 52. gxh5 Kxf5 53. b4 Kg4 54. Rc4+ Kxh5 55. bxc5 Kg6 56. c6 Kf7 57. c7 Ke7 58. Ke4 Kd6 59. Kf5 Kd5 60. Rc1 Kd6 61. Kg6 1-0

[Event "Potiguar-ch"]
[Site "Natal"]
[Date "2008.09.06"]
[Round "8.1"]
[White "Da Costa, Jose Artanael Campo"]
[Black "Macedo, Maximo Iack Miranda"]
[Result "0-1"]
[WhiteElo "1997"]
[BlackElo "2258"]
[PlyCount "70"]
[EventDate "2008.08.29"]
[EventType "tourn"]
[EventRounds "10"]
[EventCountry "BRA"]
[SourceTitle "EXT 2022"]
[Source "ChessBase"]
[SourceDate "2021.10.06"]
[SourceVersion "1"]
[SourceVersionDate "2021.10.06"]
[SourceQuality "1"]

1. e4 e6 2. d4 d5 3. Nc3 Bb4 4. e5 Ne7 5. a3 Bxc3+ 6. bxc3 c5 7. Qg4 0-0 8. Bg5 Qa5 9. Qh3 Nbc6 10. Bd2 f5 11. Nf3 Qa4 12. Kd1 cxd4 13. Qh4 Ng6 14. Qh5 Ngxe5 15. Qh4 Ng6 16. Qh5 dxc3 17. Bxc3 Qg4 18. Qg5 Qxg5 19. Nxg5 e5 20. Nf3 Be6 21. Rb1 d4 22. Bd2 b6 23. Bb5 Bd5 24. Re1 Rac8 25. Rb2 Rfe8 26. h3 h6 27. Rb1 Kf7 28. Ba6 Rcd8 29. Bb5 Re7 30. Ba4 Kf6 31. Rb2 e4 32. Nh2 e3 33. Bxc6 Bxc6 34. Bb4 Re6 35. f3 a5 0-1

[Event "Potiguar-ch"]
[Site "Natal"]
[Date "2008.08.31"]
[Round "4.3"]
[White "Da Costa, Jose Artanael Campo"]
[Black "Macedo, Maximo Valerio"]
[Result "0-1"]
[WhiteElo "1997"]
[BlackElo "2215"]
[PlyCount "52"]
[EventDate "2008.08.29"]
[EventType "tourn"]
[EventRounds "10"]
[EventCountry "BRA"]
[SourceTitle "EXT 2022"]
[Source "ChessBase"]
[SourceDate "2021.10.06"]
[SourceVersion "1"]
[SourceVersionDate "2021.10.06"]
[SourceQuality "1"]

1. e4 c5 2. Nf3 d6 3. Bc4 e6 4. Nc3 a6 5. a4 Qc7 6. 0-0 Nf6 7. Re1 Nbd7 8. d3 Be7 9. h3 0-0 10. Bg5 b6 11. Qd2 Bb7 12. Nh2 Rfe8 13. f4 h6 14. Bxh6 gxh6 15. f5 d5 16. Ba2 Kh7 17. Nf3 Bd6 18. Re2 Bf4 19. Qe1 Bg3 20. Qf1 d4 21. fxe6 fxe6 22. Nd1 Re7 23. Nf2 Rg8 24. c3 Ne5 25. Ne1 Nh5 26. cxd4 Bh2+ 0-1